| 000 | 00362nam a22001217a 4500 | ||
|---|---|---|---|
| 999 |
_c1502 _d1502 |
||
| 005 | 20200901110629.0 | ||
| 008 | 200901b ||||| |||| 00| 0 eng d | ||
| 020 | _a0521310946 | ||
| 040 | _cCML | ||
| 245 |
_aGirls into Mathematics. _cGirls, M. |
||
| 260 |
_aGreat Britain _bUniversity of Cambridge _c1986 |
||
| 942 |
_2ddc _cBK _e1st Edition _h510 _mGIR |
||